000 00775cam a2200241u 4500
999 _c17784
_d17784
001 6605994
003 BDDh-ASL
005 20231015025635.0
008 821001s1967 ii 000 0 eng
010 _asa 67003495
040 _aDLC
_cCarP
_dBDDh-ASL
043 _aa-ii---
050 0 0 _aJA84.I4
_bM29
082 _a306.0954
_bMAH
100 1 _aMajumdar, Bimanbehari. [from old catalog]
245 1 0 _aHistory of Indian social and political ideas:
_b from Rammohan to Dayananda/
_cBimanbehari Majumdar.
260 _aCalcutta:
_bBookland,
_c[1967].
300 _avi, 332 p.:
_c25 cm.
504 _aIncludes bibliographical references and index
650 0 _aPolitical science
_zIndia
_xHistory.
906 _a0
_bcbc
_cpremunv
_du
_encip
_f19
_gy-gencatlg
942 _2ddc
_cBK